01668cam a2200421 i 45000010008000000030004000080050017000120080041000290100013000700200022000830200025001050200027001300200030001570200022001870200025002090200015002340200018002490350019002670400146002860500018004320820022004501000022004721300047004942450279005412500012008202600047008323000021008793360026009003370028009263380027009544900045009815040040010265050011010666300034010776550044011117000042011558300049011971104280OSt20190913144917.0741113s1975 pau b 000 0 eng  a74028251 a0664213006 (v. 1) a9780664213008 (v. 1) a066424100X pbk. (v. 1) a9780664241001 pbk. (v. 1) a0664213014 (v. 2) a9780664213015 (v. 2) a0664241018 a9780664241018 a(OCoLC)1104280 aDLCbengcDLCdBAKERdOCLCQdBTCTAdYDXCPdOCLCGdRIOSLdOCLCQdBDXdCFTdOCLCOdOCLCAdOXFdOCLCAdOCLCFdCFTdOCLCQdOCLCOdOCLCQdPRNdTUU00aBS2573b1975b aREF 225.77bB244D aBarclay, William:0 aBible.pMatthew.lEnglish.sBarclay.f197514aWilliam Barclay Commentarries of the New Testament Epistles to the Romans, Corithians, Galatians, Ephesians, Philippians, Colosians, Thessalonians, Timothy, Tituis, Philomen, Hebrews, James, Peter, John, Judectranslated with an introd. and interpretation by William Barclay aRev. ed aPhiladelphia :bWestminster Press,c[1975] a222 p.;.;c20 cm atextbtxt2rdacontent aunmediatedbn2rdamedia avolumebnc2rdacarrier1 aThe Daily study Bible series. -- Rev. ed aIncludes bibliographical references0 aromans00aBible.pMatthewvCommentaries 7aCommentaries.2fast0(OCoLC)fst014237231 aBarclay, William,d1907-1978,eeditor 0aDaily study Bible series (Westminster Press)